| 000 | 01521cam a2200433 a 4500 | ||
|---|---|---|---|
| 001 | 6309 | ||
| 003 | FISKH | ||
| 005 | 20250714102053.0 | ||
| 008 | 100306s2009 dcua j 000 1 eng d | ||
| 010 | _a 2010285300 | ||
| 020 | _a9781426304835 (library) | ||
| 020 | _a9781426304828 | ||
| 020 | _a1426304838 (library) | ||
| 020 | _a9781426304828 (pbk.) | ||
| 020 | _a142630482X (pbk.) | ||
| 040 |
_aEYP _cEYP _beng |
||
| 042 | _alccopycat | ||
| 050 | _aPZ7.H6517 T | ||
| 082 | _a813.54 | ||
| 100 | 1 | _aMarsh, Laura F. | |
| 245 | 1 | 0 |
_aHow does your garden grow? / _cbased on the teleplay by Kim Segal ; adapted by Laura F. Marsh. |
| 260 |
_aWashington : _bNational Geographic Society, _c2009. |
||
| 300 |
_a22 unnumbered pages : _bcolor illustrations ; _c21 cm |
||
| 490 | 0 | _aNational Geographic little kids | |
| 500 | _a"Based on the television show Toot & Puddle"--T.p. verso. | ||
| 500 | _a"Characters based on the original series created by Holly Hobbie"--T.p. verso. | ||
| 505 | _aN | ||
| 520 | _aPuddle recruits Opal to help him plant a garden, while Toot heads off to Mexico, promising to bring home a vegetable they have never planted before. | ||
| 521 | 8 |
_a590
_bLexile |
|
| 521 | 8 |
_aN
_bRaz-Plus |
|
| 650 | 0 |
_aGardening _vJuvenile fiction. |
|
| 650 | 1 |
_aGardening _vFiction. |
|
| 650 | 1 |
_aPigs _vFiction. |
|
| 651 | 1 |
_aMexico _vFiction. |
|
| 700 | 1 |
_aHobbie, Holly. _eAuthor |
|
| 906 |
_a7 _bcbc _ccopycat _d2 _encip _f20 _gy-gencatlg |
||
| 942 |
_2ddc _cBK _n0 |
||
| 999 |
_c6309 _d6309 |
||